000 00502nam a2200169Ia 4500
008 240729s9999 xx 000 0 und d
022 _a2331-1983
245 0 _aCogent Arts & Humanities
260 _aUnited Kingdom
260 _bTaylor & Francis Group
650 _a Arts in general | General Works
650 _a History of scholarship and learning. The humanities
650 _aFine Arts
856 _uhttps://doaj.org/toc/d75a34217d494f39822b04cf7f03c815
942 _2ddc
942 _cDOAJEJ
999 _c73169
_d73169
945 _a1
_bMadushi Gamage
_c1
_dMadushi Gamage